00510nam a2200169 a 450000500170000000800410001701000330005802000540009103500300014504000180017508200060019310000210019924000300022024500370025026000300028730000230031720080610095639.0080528s2007 enka 001 0deng  aB-269616-620, B-284181 a9780230017795c£ 5.99 (503.00), £2.99 266.10 aB-269616-620, B-284181 adplbEnglish  aN aBaldacci, David  aÖteki renkler.lEnglish aStone cold /cby David Baldacci  aLondon :bMacmillanc2007 a388p. c23cm (pbk)